Statistics for Montenegro A-Z

Click here to take the quiz!

General Stats

  • This quiz has been taken 32 times
  • The average score is 13 of 24

Answer Stats

Letter Hint Answer % Correct
YFormer country that it was part ofYugoslavia
97%
BFamous tourist destination, with beaches Jaz and Slovenska plažaBudva
77%
CFormer royal capital city (before 1918)Cetinje
73%
NSecond most populated townNikšić
73%
HTown nearest to the border with CroatiaHerceg Novi
70%
USouthernmost townUlcinj
67%
OOne of the most visited monasteries in Balkan, near NOstrog Monastery
67%
IFirst country to recognize Montenegrin independence in 2006Iceland
67%
DMountain famous for skiing and winter tourismDurmitor
63%
WNational sportWater polo
60%
JFormer Manchester City and Inter Milan playerStevan Jovetić
60%
EMajority religionEastern Orthodox
57%
LMountain near CLovćen
53%
TRiver with the deepest canyon in EuropeTara
53%
ZName of the river and first football champion (from 2007)Zeta
53%
GNational musical instrumentGusle
50%
RFootball club with the most trophies (since 2006)Rudar Pljevlja
50%
KAnother winter tourism centreKolašin
40%
MFormer Real Madrid player, runner-up for the Ballon d'Or in 1997Predrag Mijatović
37%
SFormer AC Milan player, nicknamed "The Genius", president of the Montenegrin FADejan Savićević
37%
FFirst coach of national football team, former Red Star and Benfica strikerZoran Filipović
37%
POne of the best Yugoslavian basketball players in 80s and 90s, born in PljevljaŽarko Paspalj
30%
VBest handball player in the world for 1988, now successful handball coachVeselin Vujović
23%
AWorld's best coach in women handball for 2014 and 2015Dragan Adžić
23%

Score Distribution

Percentile by Number Answered

Percent of People with Each Score

Your Score History

You have not taken this quiz